000 00358nam a2200157Ia 4500
005 20251020182613.0
008 200515s9999 xx 000 0 und d
082 _aSC/69.025:69.57/E94
110 _aFibraforteEternitPolygal
245 0 _aCoberturas
260 _aLima
260 _cs.a.
650 _aCOBERTURAS
650 _aPOLICARBONATO
942 _cLIB
999 _c3394
_d3394